000 00856nam a22003015b 4500
001 043728
003 DO-SdBNP
005 20180206105429.0
007 043728
008 950331s1994 sp | |||| ||spa
016 7 _a
_2BPMSU
017 _a
_b
020 _a8434830949
035 _a
040 _aBPMSU
_bspa
_cBPMSU
_erdc
080 0 _a
100 1 _aRubio, Rodrigo
_d1931-2007
245 1 4 _aLos sueños de Bruno /
_cRodrigo Rubio ; ilustraciones, Arturo Requejo
_h
250 _a4ª ed.
260 _aMadrid :
_bEdiciones SM,
_c1994
300 _a118 p. :
_bil.;
_c20 cm
490 _aEl barco de vapor ;
_aSerie roja
_v59
700 1 _aRequejo, Arturo
_eilustración
830 _aEl barco de papel ;
_v59
_pSerie roja
942 _2ddc
_cBK
945 _ainventariado, 2018 / dg
956 _a VMATEO
_b10
_c20161020
_dBPMSU
_f0069
999 _c11637
_d11637